| Registos Bibliográficos associados ao registo de autoridade |
|
Etiqueta de registo: 00535cam 2200205 450 001 754538 003 http://id.bnportugal.gov.pt/bib/catbnp/754538 005 19990108000000.0 095 ## $aPTBN00541867 100 ## $a19940118d1950 km y0pory0103 ba 101 1# $apor$cfre 102 ## $aPT 105 ## $aa z 000yy 106 ## $ar 200 1# $aJesus vivo no padre$econsiderações sobre a excelência e santidade do sacerdócio$frev. Pe. Millet$gversão da 3ª ed. francesa pelo M. M. d'Almeida 205 ## $a2ª ed. cuidadosamente rev. e actualiz 210 #9 $aPorto$c[s.n.],$d1950$ePorto :$gTip. Fonseca) 215 ## $a418, [2] p.$cil.$d16 cm 675 ## $a262.14$vBN$zpor$3615955 675 ## $a2(32)$vBN$zpor$3289961 700 #1 $aMillet,$bJacques Nicolas Thomas,$f1797-1873,$cS.J.$31215830 702 #1 $aAlmeida,$bM. M. d'$4730$3719950 801 #0 $aPT$bBN$gRPC 966 ## $lBN$mFGMON$sR. 31167 P. 966 ## $lBN$mFGMON$pBiblioteca Popular$sR. 41154 P.$x6
Etiqueta de registo: 00531nam 22001571i 450 001 1271786 003 http://id.bnportugal.gov.pt/bib/catbnp/1271786 100 ## $a20020801d1886 m y0pory0103 ba 101 1# $apor$cfre 102 ## $aPT 105 ## $ay z 001yy 106 ## $ar 200 1# $aJesus vivo no padre$econsiderações sobre a excellencia e sanctidade do sacerdocio$fpelo Rev. Padre Millet da Companhia de Jesus$gversão da terceira edição franceza pelo Rev. Padre M. M. d'Almeida 210 #9 $aPorto$cJosé Frutuoso da Fonseca,$d1886 215 ## $aXXXII, 432 p.$d17 cm 317 ## $aPert. na p. de tít.: «ARQUIVO DAS CONGREGAÇOES» (carimbo)$5PTBN: R. 24246 P., R. 28724 P. 317 ## $aPert. no anterrosto: «ARQUIVO DAS CONGREGAÇOES» (carimbo)$5PTBN: R. 26449 P. 317 ## $aPert. na p. de tít.: «BIBLIOTHECA DO CONVENTO DE VARATOJO» (carimbo)$5PTBN: VAR. 1298 317 ## $aPert. na p. de tít.: «BIBLIOTHECA DO COLLEGIO DO BARRO» (carimbo)$5PTBN: R. 1500 P. 317 ## $aPert. na p. de tít.: «BIBLIOTHECA DO COLLEGIO DO BARRO» (carimbo)$5PTBN: R. 1769 P. 518 1# $aJesus vivo no padre: considerações sobre a excelência e sanctidade do sacerdocio 620 ## $dPorto 700 #1 $aMillet,$bJacques Nicolas Thomas,$f1797-1873,$cS.J.$31215830 702 #1 $aAlmeida,$bM. M. d'$4730$3719950 712 02 $aArquivo das Congregações$c(Lisboa)$4390$357767 712 02 $aOrdem dos Frades Menores.$bMissionários Apostólicos.$bConvento de Santo António$c(Varatojo, Torres Vedras)$4390$353952 712 02 $aCompanhia de Jesus.$bColégio do Barro$c(Torres Vedras)$4390$3721602 801 #0 $aPT$bBN 801 #1 $aFR$bJOUVE 966 ## $lBN$mFGMON$sR. 26246 P.$x0 966 ## $lBN$mFGMON$sR. 26449 P.$x0 966 ## $lBN$mFGMON$sR. 28724 P.$x0 966 ## $lBN$mFGMON$sR. 1500 P. 966 ## $lBN$mFGMON$sR. 1769 P. 966 ## $lBN$mFGMON$sVAR. 1298 995 ## $aPRR2024 $d20240625$idfontes 997 ## $aBIBEOD
|
|
|